Langues Berbères par nombre de Locuteurs - Statistiques

Statistiques générales
  • Ce quiz a été pris 30 fois
  • Le résultat moyen est 5 sur 18
Statistiques - réponses
Nombre de Locuteurs Réponse % Correct
5 599 200 Kabyle
93%
7 200 000 Chleuh
78%
5 000 000 Touareg
63%
4 400 000 Rifain
59%
2 130 000 Chaoui
52%
4 750 000 Tamazight
33%
175 000 Berbère
30%
233 900 Mozabite
15%
2 700 Zenaga
15%
76 000 Chenoui
11%
86 000 Chelha oranais
7%
50 000 Chelha Tunisien
7%
10 000 Ghomari
7%
600 000 Nafusi
7%
20 000 Siwi
7%
11 000 Zénète
4%
50 000 Sanhadji
0%
5 000 Tagargrent
0%
Aucun quiz correspondant
Distribution des résultats
% des personnes avec chaque résultat
Percentile par nombre de réponses
Votre historique - résultats
Vous n’avez pas pris ce quiz